000
00271nam a2200109 4500
008
160704b xxu||||| |||| 00| 0 eng d
100
_9
1976
_a
Kacker, L
245
_a
Race to Win
260
_a
N.D
_b
Children Book Trust
_c
2004
300
_a
Race to Win
942
_2
ddc
_c
BK
999
_c
1677
_d
1677